| 000 | 00568nam a2200181 4500 | ||
|---|---|---|---|
| 001 | 115991 | ||
| 003 | ES-MaACL | ||
| 005 | 20230906190617.0 | ||
| 007 | t| | ||
| 008 | 061121s1949 sp r ||||1| spa d | ||
| 100 | 1 |
_aOrtiz de Pinedo, José. _987603 |
|
| 245 | 1 | 0 |
_aViejos retratos amigos / _cJosé Ortiz de Pinedo. |
| 260 |
_aMadrid : _bSociedad General Española de Librería, _c1949. |
||
| 300 |
_a158 p. ; _c20 cm. |
||
| 710 | 2 |
_aSociedad General Española de Librería. _96774 |
|
| 852 |
_aES-MaACL _jB-12828 _bR.27118 |
||
| 852 |
_aES-MaACL _jB-12841 _bR.27022 |
||
| 999 |
_c115991 _d115991 |
||